000 00796cam a2200241 i 4500
001 17679838
005 20251121090951.0
008 130401t20142014njua b 001 0 eng
020 _a9781118138915
_qhardback
020 _a1118138910
_qhardback
050 0 0 _aTH145
_b.A417 2014
082 0 0 _a690
_223
100 1 _aAllen, Edward,
_d1938-
245 1 0 _aFundamentals of building construction :
_bmaterials and methods /
_cEdward Allen and Joseph Iano.
250 _aSixth edition.
260 _aHoboken, New Jersey
_bJohn Wiley & Sons
_c2014
300 _axii, 1007 pages :
_billustrations ;
_c29 cm
650 0 _aBuilding.
650 0 _aBuilding materials.
650 7 _aTECHNOLOGY & ENGINEERING / Construction / General.
_2bisacsh
700 1 _aIano, Joseph.
942 _2lcc
_cBK
_e6th ed.
_n0
999 _c8274
_d8274